00610nam a2200205Ia 4500003000400000005001700004008004100021020001500062040001800077041000800095082002100103100001500124245008900139250001200228260004500240300002700285650003800312650003300350650002100383OSt20240923103929.0210716s1999 xx 000 0 und d a8173711518 cAIMIT LIBRARY aeng a374.22 21bZBAV aZbar, Vic. aKey management concepts :bunlocking 10 of the best management books /cBy Vic Zbar. a1st ed. aHyderabad :bUniversities Press ,c1999. ax,190p. ;bPBc22.6 cm aOperating in a global environment aMoving in a common direction aRedesigning work